Daniel

Bibliographic Details
Main Author: Murdock, Hy
Other Authors: Grundy, Lynn N
Format: Book
Published: England : Ladybird Books , 19__
Series:Ladybird bible stories
Subjects:

MARC

LEADER 00000cam a2200000 7i4500
001 0000003235
002 000003492
005 20000330.0
020 |a 0721495214 
090 0 0 |a JF   |b MUR 
100 1 |a Murdock, Hy 
245 1 0 |a Daniel   |c Hy Murdock ; illustrated by Lynn N Grundy 
260 |a England :   |b Ladybird Books ,   |c 19__ 
300 |a 26p. :   |b ill. ;   |c 18cm. 
490 0 |a Ladybird bible stories 
650 0 0 |a Children's stories 
700 1 |a Grundy, Lynn N 
999 |a 035704   |b BUKU   |c PINJAMAN   |e PERPUSTAKAAN KOMUNITI PETALING JAYA